Normal view
MARC view
- Shahidehpour, Mohammad:Alomoush, Muwaffaq
Entry Personal Name
001 - CONTROL NUMBER
- control field: 65846
003 - CONTROL NUMBER IDENTIFIER
- control field: NUST
005 - DATE AND TIME OF LATEST TRANSACTION
- control field: 20210628203511.0
008 - FIXED-LENGTH DATA ELEMENTS
- fixed length control field: 210628|| aca||aabn | a|a d
040 ## - CATALOGING SOURCE
- Original cataloging agency: NUST
- Transcribing agency: NUST
100 ## - HEADING--PERSONAL NAME
- Personal name: Shahidehpour, Mohammad:Alomoush, Muwaffaq
670 ## - SOURCE DATA FOUND
- Source citation: Work cat.: (NUST): Shahidehpour, Mohammad:Alomoush, Muwaffaq, Restructured electrical power systems;operation, trading and volatility, 2001
